Piosenka połącz z raperem - Statystyki

Ogólne statystyki
  • Ten quiz został rozwiązany 233 razy
  • Średni wynik to 11 z 15
Statystyki odpowiedzi
Piosenka Raper % Poprawnych
100 dni do matury Mata
99%
1998 (mam to we krwi) Bedoes
91%
Poza kontrolą Tymek
90%
@ Chillwagon
87%
Floyd Mayweather Żabson
87%
WIFI Guzior
82%
30 kmh Kali
82%
Oddajemy krew wampirom Szpaku
80%
Mówiłaś Young Igi
80%
Hot coffe Schafter
72%
Skiety klapki Kabe
66%
Balans Paluch
58%
Sicario Słoń
52%
Cesarz Kękę
43%
IJO IJO Lipa
33%
Nie znaleziono quizów pasujących do podanych kryteriów
Rozkład punktacji
Procent ludzi z każdym wynikiem
Percentyl według liczby udzielonych odpowiedzi
Twoja historia wyników
Nie rozwiązałeś tego quizu